Szczegóły MARC21

Dlaczego mam czekać? : co powinieneś wiedzeć o kryzysie seksualnym nastolatków? : poradnik dla rodziców, wychowawców i nauczycieli /

003 -Nazwa inst., której nr kontr. jest w polu 001 [,]
    • @
    • Nazwa instytucji, której n kontrolny jest w polu 001
    • NUKAT
005 -DATA I CZAS OSTATNIEJ MODYFIKACJI [,]
    • @
    • pole kontrolne
    • 20241231102618.0
020 -Międzynarod. znormalizowany nr książki - ISBN [ , ]
    • a
    • Numer ISBN
    • 8385646493 Find
040 -Instytucja sporządzająca opis [ , ]
    • a
    • Instytucja, która sporządziła opis (NP)
    • WA U/92DM
    • c
    • Instytucja, która sporządziła rekord (NP)
    • WA U/92DM
    • d
    • Instytucja, która zmodyfikowała rekord (P)
    • WA U/DM
    • d
    • Instytucja, która zmodyfikowała rekord (P)
    • KR U/42JCs
041 -Język dokumentu [1, ]
    • a
    • Język tekstu (P)
    • polski
    • h
    • Język tekstu oryginalnego i/lub pośredniego (P)
    • angielski
942 -Rodzaj dokumentu [ , ]
    • c
    • Rodzaj dokumentu
    • Książka
100 -Hasło główne - nazwa osobowa [1, ]
    • a
    • Nazwa osobowa (NP)
    • McDowell, Josh
    • d
    • Daty biograficzne (NP)
    • (1939- ).
    • 9
    • KHW
    • 243994
245 -Strefa tytułu i oznaczenia odpowiedzialności [1,0]
    • a
    • Tytuł
    • Dlaczego mam czekać? : Find
    • b
    • Ciąg dalszy tytułu (NP)
    • co powinieneś wiedzeć o kryzysie seksualnym nastolatków? : poradnik dla rodziców, wychowawców i nauczycieli / Find
    • c
    • Pozostałe elementy strefy tytułu i oznaczenia odpowiedzialności (NP)
    • Josh McDowell, Dick Day.
246 -Wariant tytułu [1, ]
    • i
    • Tekst wyświetlany na ekranie monitora (NP)
    • Tyt. oryg.
    • a
    • Tytuł (NP)
    • Why wait?
260 -Strefa adresu wydawniczego [ , ]
    • a
    • Miejsce wydania (P)
    • Lublin :
    • b
    • Nazwa wydawcy (P)
    • POJEDNANIE,
    • c
    • Data wydania (P)
    • 1995.
300 -Strefa opisu fizycznego [ , ]
    • a
    • Określenie formy książki i/lub objętość (NP)
    • 426 s. ;
    • c
    • Format (NP)
    • 20 cm.
336 -Typ zawartości [ , ]
    • a
    • Termin opisujący typ zawartości
    • Tekst
    • b
    • Kod określający zawartość
    • txt
    • 2
    • Źródło (terminu i kodu)
    • rdacontent
337 -Typ mediów [ , ]
    • a
    • Tryb odtwarzania
    • Bez urządzenia pośredniczącego
    • b
    • Kod typu mediów
    • n
    • 2
    • Źródło (terminu i kodu)
    • rdamedia
338 -Typ/rodzaj nośnika [ , ]
    • a
    • Hasło opisujące typ nośnika
    • Wolumin
    • b
    • Kod typu nośnika
    • nc
    • 2
    • Źródło (terminu i kodu)
    • rdacarrier
500 -Uwaga ogólna [ , ]
    • a
    • Uwaga ogólna (NP)
    • Wydanie polskie za zazwoleniem Here's Life Publishers.
504 -Uwaga dot. bibliogr. załącznikowej [ , ]
    • a
    • Uwaga dot. bibliografii załącznikowej
    • Bibliogr. s. 413-425.
080 -Uniwersalna Klasyfikacja Dziesiętna [ , ]
    • a
    • Symbol klasyfikacji
    • 159.922.8
    • 9
    • UKD
    • 2424
    • 2
    • Identyfikator wydania tablic
    • UDC-P058
    • b
    • Dopowiedzenie
    • Psychologia młodzieży.
080 -Uniwersalna Klasyfikacja Dziesiętna [ , ]
    • a
    • Symbol klasyfikacji
    • :37.018.1
080 -Uniwersalna Klasyfikacja Dziesiętna [ , ]
    • a
    • Symbol klasyfikacji
    • :613.88
080 -Uniwersalna Klasyfikacja Dziesiętna [ , ]
    • a
    • Symbol klasyfikacji
    • :176
980 -Symbol UKD [ , ]
    • a
    • UKD
    • 159.922.8:37.018.1:613.88:176
700 -Hasło dodatkowe - nazwa osobowa [1, ]
    • a
    • Nazwa osobowa (NP)
    • Day, Dick. Find
    • 9
    • KHW
    • 589234
920 -ISBN [ , ]
    • a
    • ISBN
    • 83-85646-49-3 Find
Data inwentaryzacji Lokalizacja Status udost. Numer inwentarzowy
1996-02-12BG1Pd.8536